<?xml version="1.0" encoding="UTF-8"?>
<record
    xmlns:xsi="http://www.w3.org/2001/XMLSchema-instance"
    xsi:schemaLocation="http://www.loc.gov/MARC21/slim http://www.loc.gov/standards/marcxml/schema/MARC21slim.xsd"
    xmlns="http://www.loc.gov/MARC21/slim">

  <leader>01526    a2200217   4500</leader>
  <controlfield tag="001">54060</controlfield>
  <controlfield tag="005">20260407155811.0</controlfield>
  <controlfield tag="008">260407a1962    arg                 spa d</controlfield>
  <controlfield tag="003">AR-UNSa-BCEJYS</controlfield>
  <datafield tag="040" ind1=" " ind2=" ">
    <subfield code="a">AR-UNSa-BCEJYS</subfield>
    <subfield code="b">spa</subfield>
    <subfield code="c">AR-UNSa-BCEJYS</subfield>
  </datafield>
  <datafield tag="080" ind1=" " ind2=" ">
    <subfield code="a">330.101.541</subfield>
    <subfield code="x">Macroeconom&#xED;a</subfield>
  </datafield>
  <datafield tag="245" ind1="1" ind2="0">
    <subfield code="a">Macro-econom&#xED;a</subfield>
    <subfield code="p">medici&#xF3;n, an&#xE1;lisis y control de la actividad econ&#xF3;mica total</subfield>
  </datafield>
  <datafield tag="264" ind1=" " ind2="1">
    <subfield code="a">Madrid :</subfield>
    <subfield code="b">Revista de Derecho Privado</subfield>
    <subfield code="c">1962</subfield>
  </datafield>
  <datafield tag="300" ind1=" " ind2=" ">
    <subfield code="a">404 p.</subfield>
    <subfield code="c">22 cm.</subfield>
  </datafield>
  <datafield tag="505" ind1=" " ind2=" ">
    <subfield code="a">1. El marco institucional - 2. La cuenta de producto nacional bruto - 3. Problemas conceptuales en la estimaci&#xF3;n del producto nacional bruto - 4. Cuentas sectoriales - 5. Simplificaci&#xF3;n de las cuentas - 6. Consumo, ahorro y la teor&#xED;a elemental de la determinaci&#xF3;n de la renta - 7. El estado y el nivel de la renta - 8. El nivel de la inversi&#xF3;n - 9. El inter&#xE9;s y el dinero - 10. El equilibrio general de los mercados de producto y monetario - 11. La demnada monetaria y la pol&#xED;tica de estabilizaci&#xF3;n - 12. El nivel de empleo(1) - 13. El nivel de empleo(2) - 14. El pleno empleo, el nivel de precios y la teor&#xED;a del inter&#xE9;s - 15. El comercio internacional y el nivel de la renta - 16. Una econom&#xED;a expansiva - 17. El estancamiento secular - 18. La inflaci&#xF3;n - 19. Los ciclos econ&#xF3;micos - 20. Los problemas de la pol&#xED;tica fiscal - 21. La financiaci&#xF3;n de los gastos p&#xFA;blicos</subfield>
  </datafield>
  <datafield tag="041" ind1=" " ind2=" ">
    <subfield code="a">spa</subfield>
  </datafield>
  <datafield tag="942" ind1=" " ind2=" ">
    <subfield code="c">BK</subfield>
  </datafield>
  <datafield tag="590" ind1=" " ind2=" ">
    <subfield code="a">niveau_biblio:m niveau_hierar:0</subfield>
  </datafield>
  <datafield tag="100" ind1="1" ind2=" ">
    <subfield code="a">Dernburg, Thomas F.</subfield>
  </datafield>
  <datafield tag="700" ind1="1" ind2=" ">
    <subfield code="a">McDougall, Duncan M.</subfield>
  </datafield>
  <datafield tag="999" ind1=" " ind2=" ">
    <subfield code="c">5328</subfield>
    <subfield code="d">5328</subfield>
  </datafield>
  <datafield tag="952" ind1=" " ind2=" ">
    <subfield code="0">0</subfield>
    <subfield code="1">0</subfield>
    <subfield code="4">0</subfield>
    <subfield code="7">0</subfield>
    <subfield code="a">BCEJYS</subfield>
    <subfield code="b">BCEJYS</subfield>
    <subfield code="c">16</subfield>
    <subfield code="d">2026-04-07</subfield>
    <subfield code="l">0</subfield>
    <subfield code="o">330.101.541 D436m</subfield>
    <subfield code="p">L21702</subfield>
    <subfield code="r">2026-04-07 15:58:11</subfield>
    <subfield code="w">2026-04-07</subfield>
    <subfield code="y">L</subfield>
  </datafield>
</record>
